Music Quiz

Random Music Quiz

Tune-Yards Songs Quiz Stats

 Plays Quiz not verified by Sporcle

Score 0/46 Timer 05:00
0 Plays Today
% Correct
My Country
100%
Es-So
100%
Bizness
100%
Water Fountain
100%
Real Thing
100%
Sink-O
100%
Rocking Chair
100%
Heart Attack
100%
Coast to Coast
100%
ABC 123
100%
Lions
66.7%
Hatari
66.7%
Jumping Jack
66.7%
Gangsta
66.7%
Powa
66.7%
Doorstep
66.7%
You Yes You
66.7%
Find a New Way
66.7%
Time of Dark
66.7%
Look Around
66.7%
Hey Life
66.7%
Why Do We Dine on the Tots?
66.7%
Stop That Man
66.7%
% Correct
Wait for a Minute
66.7%
Left Behind
66.7%
Manchild
66.7%
Now As Then
66.7%
Honesty
66.7%
Colonizer
66.7%
Look at Your Hands
66.7%
Home
66.7%
Hammer
66.7%
Who Are You
66.7%
Private Life
66.7%
Free
66.7%
For You
33.3%
Sunlight
33.3%
News
33.3%
Jamaican
33.3%
Little Tiger
33.3%
Safety
33.3%
Fiya
33.3%
Synonynonym
33.3%
Riotriot
33.3%
Wooly Wolly Gong
33.3%
Killa
33.3%

You're not logged in!

Compare scores with friends on all Sporcle quizzes.
OR
Log In

Show Comments

Extras

Top Quizzes Today


Score Distribution

Your Account Isn't Verified!

In order to create a playlist on Sporcle, you need to verify the email address you used during registration. Go to your Sporcle Settings to finish the process.

Report this User

Report this user for behavior that violates our Community Guidelines.

Details: